| 000 | 01502nam0a2200301 4500 | ||
|---|---|---|---|
| 001 | RU\NLR\BIBL_A\022521681 | ||
| 005 | 20250806211301.0 | ||
| 035 | _a(NLR Aleph) 022521681 | ||
| 090 |
_a88205 _c88205 |
||
| 100 | _a20250414d1941 u y0rusy50 ca | ||
| 101 | 0 | _aarm | |
| 102 | _aAM | ||
| 105 | _ay z 000 y | ||
| 181 | 0 |
_ai _baxxe |
|
| 182 | 0 | _an | |
| 200 | 1 |
_aՄիներալոգիայի եվ բյուրեղագիտության ծրագիր եվ մեթոդական ցուցմունքներ _eմանկավարժական ինստիտուտի հեռակայողների համար _eբնագիտւթյան III կուրսի եվ աշխարհագրության I կուրսի համար _fՀՍՍՌ Երեվանի պետական մակավարժական ինստիտուտ _gԹադեվոսան Թ. |
|
| 203 |
_aТекст _bвизуальный _cнепосредственный |
||
| 210 |
_aԵրեվան _bՄանկավաժական ինստիտուտի հր. _d1941 |
||
| 215 |
_a33,[3] c. _d20 |
||
| 541 | 1 |
_6z01790 _aМинералогияи кристаллографией и петрографией _eпрограммы и методические указания для заочников педагогических институтов |
|
| 702 | 1 |
_aԹադեվոսան _bԹ. _4730 |
|
| 790 | 0 |
_6z01541 _aТадевосян _bТ. _4730 |
|
| 942 | _cBOOK | ||
| 945 | _aРоссийская национальная библиотека | ||
| 980 | _aNB | ||
| 980 | _aBV | ||
| 980 | _aBV | ||